| 000 | 01052nam0a22002411 4500 | ||
|---|---|---|---|
| 001 | rc\3347944 | ||
| 005 | 20260407130859.0 | ||
| 021 |
_aRU _bРг14708-73 |
||
| 035 | _a(NLR Aleph) 007434756 | ||
| 090 |
_a7053188 _c7053188 |
||
| 100 | _a20130115d1973 |||y0rusy50 ca | ||
| 101 | 0 | _arus | |
| 102 | _aRU | ||
| 105 | _aa z ||||| | ||
| 200 | 1 |
_aИнструкция для стропальщиков, обслуживающих грузоподъемные краны _e(ВСН 74-73) _e[Срок введения 1/VI 1973 г.] _fГлавленинградстрой при Ленгорисполкоме. Ленинградоргстрой |
|
| 210 |
_aЛенинград _cБ. и. _d1973 |
||
| 215 |
_a31 с. _cил. _d20 |
||
| 712 | 0 | 2 |
_aЛенинградское главное управление по жилищному, гражданскому и промышленному строительству _9455958 _3RU\NLR\AUTH\889979795 |
| 801 | 0 |
_aRU _bNLR _gpsbo |
|
| 801 | 1 |
_aRU _bELAR _2rusmarc |
|
| 852 |
_aNLR _bСВТЛ |
||
| 942 | _cBOOK | ||
| 980 | _aNB | ||